| 000 | 00890nam a22002537a 4500 | ||
|---|---|---|---|
| 005 | 20170123164151.0 | ||
| 010 | _aB-082649 | ||
| 020 | _c22.00 | ||
| 035 | _aB-082649 | ||
| 037 | _bCen Lib/Ret | ||
| 040 |
_aDPL _bPN |
||
| 082 |
_aਕ _bਭੁੱਲਰ |
||
| 100 |
_aਭੁੱਲਰ, ਜਸਬੀਰ ਸਿੰਘ _94285 |
||
| 245 |
_aਚੋਣਵੀਆਂ ਕਹਾਣੀਆਂ / _cਜਸਬੀਰ ਸਿੰਘ ਭੁੱਲਰ |
||
| 246 |
_aChonvian kahanian / _bby Jasbir Singh Bhular |
||
| 260 |
_aਪੰਜਾਬ _bਭਾਸ਼ਾ ਵਿਭਾਗ _c1998 |
||
| 270 | _bਪੰਜਾਬ | ||
| 300 |
_a166p. : _c22cm(Hb) |
||
| 650 |
_a ਸਾਹਿਤ--ਪੰਜਾਬੀ _9126085 |
||
| 650 |
_aਪੰਜਾਬੀ -- ਕਵਿਤਾਵਾਂ _9126086 |
||
| 650 |
_a Literature--Punjabi _9126087 |
||
| 650 |
_aPunjabi -- Poetry _9126088 |
||
| 942 |
_2ddc _cPN _hਕ _mਭੁੱਲਰ |
||
| 999 |
_c110346 _d110346 |
||